000 01001nam a2200289Ia 4500
003 OSt
005 20221006160341.0
006 a|||||r|||| 00| 0
007 ta
008 221006b |||||||| |||| 00| 0 eng d
020 _a9781439837665
_c£58.99
024 _a45,022
037 _bInvoice no: 102/2013-14, 28/02/2014, Pioneer Book Distributor
_cTextual
040 _aEASL
_cEASL
_beng
041 _2eng
_aeng
082 _aU2894:80bY11.73, Q1
100 _aBullock Jane A. etc,
_9672990
245 0 _aManaging children in disasters
_b Planning for their unique needs
260 _aLondon
_bCRC Press
_c2011
300 _a394p.
_ccm.
490 _v Gen
650 _a Disaster relief--United states
_9672991
650 _a Gen
650 _aChild disaster victims--services for--United states
_9672992
942 _hU2894:80bY11.73, Q1
_cTEXL
_2CC
999 _c1113114
_d1113114